[Event "FRA-ch U20"]
[Site "Montlucon"]
[Date "2011.04.20"]
[Round "5"]
[White "Nooshian, Kevin"]
[Black "Stephan, Victor"]
[Result "1/2-1/2"]
[WhiteElo "2011"]
[BlackElo "2278"]
[PlyCount "119"]
[EventDate "2011.04.17"]
[EventType "swiss"]
[EventRounds "9"]
[EventCountry "FRA"]
[SourceTitle "CBM 142 Extra"]
[Source "ChessBase"]
[SourceDate "2011.06.27"]
[SourceVersion "1"]
[SourceVersionDate "2011.06.27"]
[SourceQuality "1"]

1. e4 d6 2. d4 Nf6 3. Nc3 e5 4. Nf3 Nbd7 5. Be2 Be7 6. 0-0 0-0 7. Be3 c6 8. a4 b6 9. dxe5 dxe5 10. Bc4 Qc7 11. Qe2 a6 12. Rfd1 Bb7 13. g3 b5 14. axb5 axb5 15. Rxa8 Rxa8 16. Bd3 Ng4 17. Bd2 Nc5 18. h3 Nxd3 19. Qxd3 Nf6 20. Bg5 b4 21. Bxf6 Bxf6 22. Nb1 h5 23. c3 Rd8 24. Qc2 c5 25. Rxd8+ Qxd8 26. cxb4 cxb4 27. Nbd2 Bc8 28. h4 Bg4 29. Kg2 Qd6 30. Nc4 Qb8 31. b3 Be6 32. Qd3 Qc7 33. Nfd2 g5 34. Qf3 Qd8 35. Qxh5 gxh4 36. gxh4 Qd4 37. Qh6 Bxc4 38. Nxc4 Qxe4+ 39. Kg3 Bg7 40. Qe3 Qd5 41. Qb6 f5 42. Qd6 Qe4 43. Qd8+ Kh7 44. Qg5 Qd3+ 45. Kg2 Qd5+ 46. Kg1 Qd1+ 47. Kg2 Qd5+ 48. Kg1 Qe6 49. h5 f4 50. f3 Qa6 51. Kg2 Qa2+ 52. Kh3 Qb2 53. Kg4 Qg2+ 54. Kf5 Qc2+ 55. Ke6 Qxb3 56. Qg6+ Kh8 57. Qe8+ Kh7 58. Qg6+ Kg8 59. Qf7+ Kh8 60. Qe8+ 1/2-1/2